Statistics for European Cities by Map #3

Click here to take the quiz!

General Stats

  • This quiz has been taken 3,155 times
    (3,146 since last reset)
  • The average score is 22 of 35

Answers on the Map

Answers color-coded by a green-red scale on the quiz's map according to % correct below.
 

Answer Stats

City% Correct
Bern
88%
Cork
83%
Valletta
83%
Palermo
80%
Turin
80%
Chisinau
78%
Marseille
78%
Skopje
78%
Florence
77%
Ljubljana
77%
Antwerp
75%
Cardiff
75%
Cologne
74%
Pristina
74%
Gothenburg
73%
Newcastle
73%
Krakow
72%
Dresden
67%
Palma
66%
Malaga
64%
Lille
61%
Aarhus
58%
Innsbruck
58%
Dubrovnik
56%
Hanover
53%
Brno
52%
Cagliari
51%
Zaragoza
51%
Kharkiv
46%
Varna
43%
Tampere
39%
Kaunas
38%
Plovdiv
32%
Santiago
30%
Cherbourg
26%

Score Distribution

Percentile by Number Answered

Percent of People with Each Score

Your Score History

You have not taken this quiz since the last reset